Sapo y Sepo, inseparables

Guardat en:
Dades bibliogràfiques
Autor principal: Lobel, Arnold (autor)
Format: Llibre
Idioma:espanyol
Publicat: Santiago Santillana del Pacífico S.A Ediciones 2017
Edició:3a. ed
Col·lecció:Santillana Infantil
Matèries:
Etiquetes: Afegir etiqueta
Sense etiquetes, Sigues el primer a etiquetar aquest registre!

MARC

LEADER 00000cam a2200000 a 4500
001 UCC8757
003 CL-VaPUC
005 20210903113251.0
008 190814e20170000cl |||||||||||||||||spa|d
999 |c 375008  |d 375006 
020 |a 9789561526822 
040 |c Pontificia Universidad Católica de Valparaíso 
082 0 4 |a 813 LOB 2017  |2 21 
100 |a Lobel, Arnold  |e autor  |9 238 
245 1 0 |a Sapo y Sepo, inseparables 
250 |a 3a. ed 
260 |a Santiago  |b Santillana del Pacífico S.A Ediciones  |c 2017 
300 |a 68 p 
490 0 |a Santillana Infantil 
583 |a last modification  |c 20190814 14:59:00  |k Rodrigo Vera 
650 0 |a Cuentos estadounidenses  |9 265133 
650 0 |a Literatura estadounidense  |9 317168 
650 0 |a Literatura infantil   |9 307465 
942 |c BK  |2 ddc 
945 |d 20190814 14:59:00  |a dcastane 
952 |0 0  |1 0  |3 erb  |4 0  |6 813_000000000000000_LOB_2017  |7 0  |8 A  |9 493835  |a BIBEDU  |b BIBEDU  |i 5558123  |l 1  |m 1  |o 813 LOB 2017  |p 5558123  |r 2024-11-05  |s 2024-10-22  |w 2019-11-24  |y BK  |z Catalogado en:20190814  |k EBA 
952 |0 0  |1 0  |3 erb  |4 0  |6 813_000000000000000_LOB_2017  |7 0  |8 A  |9 493836  |a BIBEDU  |b BIBEDU  |i 5558131  |l 4  |o 813 LOB 2017  |p 5558131  |r 2025-03-24  |s 2025-03-24  |w 2019-11-24  |y BK  |z Catalogado en:20190814  |k EBA 
952 |0 0  |1 0  |3 erb  |4 0  |6 813_000000000000000_LOB_2017  |7 0  |8 A  |9 493837  |a BIBEDU  |b BIBEDU  |i 555814K  |l 4  |m 1  |o 813 LOB 2017  |p 555814K  |r 2024-10-30  |s 2024-10-23  |w 2019-11-24  |y BK  |z Catalogado en:20190814  |k EBA